| 000 | 00643nam a2200193Ia 4500 | ||
|---|---|---|---|
| 008 | 151119s9999||||xx |||||||||||||| ||und|| | ||
| 082 | _a616 | ||
| 082 | _bGKKV25118 | ||
| 100 | _aगाला ध रा | ||
| 245 | _aहृदयरोग टाळा व दीर्घायुषी बना | ||
| 260 | _a-- | ||
| 260 | _b-- | ||
| 260 | _c0 | ||
| 600 | _aगाला ध रा | ||
| 630 | _aहृदयरोग टाळा व दीर्घायुषी बना | ||
| 700 | _aगाला ध रा | ||
| 730 | _aहृदयरोग टाळा व दीर्घायुषी बना | ||
| 942 | _cBOOK | ||
| 999 |
_c1077663 _d1077660 |
||